000 00862nam a22002057a 4500
999 _c22146
_d22146
003 AR-CdUCM
008 190429b ||||| |||| 00| 0 spa d
040 _aMUNICIPALIDAD PROVINCIAL DEL CUSCO
_cBIBLIOTECA MUNICIPAL DEL CUSCO
082 _aRev.deOro/N°1/2001
110 _aGran Unidad Escolar Inca Garcilaso de la Vega Cusco
_947533
245 _aRevista de Oro Inca Garcilaso de la Vega /
_cG.U.E. Inca Garcilaso De La Vega
260 _aCusco.
_bNavarrete,
_c2001.
300 _a157 páginas. :
_bilustraciones ;
_c28 cm.
440 _aRevista de Oro Inca Garcilaso de la Vega.
_nN°1. 2001
_947534
505 _aContenido: Homenaje a la Gran Unidad Escolar Inca Garcilaso de la Vega por sus bodas de Oro 23 de junio de 1951 - 23 de junio del 2001.
650 _aColegios del Cusco
_924467
650 _aEducación
_9460
942 _2ddc
_cPP
945 _arac